书目信息 |
| 题名: |
零基础西班牙语入门王
|
|
| 作者: | 耿小辉 主编 ;韩超 著 ;昂秀外语教学研究组 主编 | |
| 分册: | ||
| 出版信息: | 北京 中译出版社 2017 |
|
| 页数: | 10,256页 | |
| 开本: | 21cm | |
| 丛书名: | ||
| 单 册: | ||
| 中图分类: | H34 | |
| 科图分类: | ||
| 主题词: | 西班牙语--自学参考资料 | |
| 电子资源: | ||
| ISBN: | 978-7-5001-4938-5 | |
| 000 | 01003nam0 2200253 450 | |
| 001 | 012001003182 | |
| 005 | 20140926114739.0 | |
| 010 | @a978-7-5001-4938-5@dCNY38.60 | |
| 100 | @a20170905d2017 em y0chiy50 ea | |
| 101 | 0 | @achi@aspa |
| 102 | @aCN@b110000 | |
| 105 | @aa z 000yy | |
| 106 | @ar | |
| 200 | 1 | @a零基础西班牙语入门王@9ling ji chu xi ban ya yu ru men wang@e走遍现代西班牙语国家@e白金版@f耿小辉,昂秀外语教学研究组主编@g韩超[等]著 |
| 210 | @a北京@c中译出版社@d2017 | |
| 215 | @a10,256页@c图@d21cm@e1口语词汇(46页;17cm)@e1光盘 | |
| 330 | @a本书包含了解西语、西语语音、常用词汇、基础语法到常用交际短句、常用交际会话等,涵盖西语学习的各个方面,并在每个单词、句子下面,都用汉语拼音及中文谐音注音。 | |
| 606 | 0 | @a西班牙语@j自学参考资料 |
| 690 | @aH34@v5 | |
| 701 | 0 | @a耿小辉@9geng xiao hui@c(女)@4主编 |
| 702 | 0 | @a韩超@9han chao@4著 |
| 711 | 02 | @a昂秀外语教学研究组@9ang xiu wai yu jiao xue yan jiu zu@4主编 |
| 801 | 0 | @aCN@b上海新华@c20180901 |
| 905 | @b1154088-92@dH34@e22@f5 | |
| 零基础西班牙语入门王:走遍现代西班牙语国家:白金版/耿小辉,昂秀外语教学研究组主编/韩超[等]著.-北京:中译出版社,2017 |
| 10,256页:图;21cm+1口语词汇(46页;17cm)+1光盘 |
| ISBN 978-7-5001-4938-5:CNY38.60 |
| 本书包含了解西语、西语语音、常用词汇、基础语法到常用交际短句、常用交际会话等,涵盖西语学习的各个方面,并在每个单词、句子下面,都用汉语拼音及中文谐音注音。 |
| ● |
| 相关链接 |
|
|
|
|
正题名:零基础西班牙语入门王
索取号:H34/22
 
预约/预借
| 序号 | 登录号 | 条形码 | 馆藏地/架位号 | 状态 | 备注 |
| 1 | 1154088 | 211540885 | 第二样本阅览室/ [索取号:H34/22] | 在馆 | |
| 2 | 1154089 | 211540894 | 密集书库—外国语学院/ [索取号:H34/22] | 在馆 | |
| 3 | 1154090 | 211540901 | 第四借阅区/ [索取号:H34/22] | 在馆 | |
| 4 | 1154091 | 211540910 | 第四借阅区/ [索取号:H34/22] | 在馆 | |
| 5 | 1154092 | 211540929 | 第四借阅区/ [索取号:H34/22] | 在馆 |